Manual del maní : hacia la calidad total /
Guardado en:
| Autor Principal: | |
|---|---|
| Autor Corporativo: | |
| Otros Autores: | |
| Formato: | Libro |
| Idioma: | Spanish |
| Publicado: |
Manfredi :
INTA EEA Manfredi,
1998.
|
| Edición: | 3a ed. |
| Etiquetas: |
Agregar Etiqueta
Sin Etiquetas, Sea el primero en etiquetar este registro!
|
| LEADER | 00651nam a22001695a 4500 | ||
|---|---|---|---|
| 001 | EEA.libagro006159 | ||
| 005 | 20161014110707.0 | ||
| 008 | 130809s1998####ag#a##########000#0#spa#d | ||
| 082 | 0 | 4 | |a 633.368 |
| 100 | 1 | |a Pedelini, Ricardo. | |
| 245 | 1 | 0 | |a Manual del maní : |b hacia la calidad total / |c editado por: Ricardo Pedelini, Cristiano Casini. |
| 250 | |a 3a ed. | ||
| 260 | |a Manfredi : |b INTA EEA Manfredi, |c 1998. | ||
| 300 | |a 79 p. : |b il. ; |c 28 cm. | ||
| 700 | 1 | |a Casini, Cristiano. | |
| 710 | 2 | |a Instituto Nacional de Tecnología Agropecuaria (Argentina). |b Estación Experimental Agropecuaria Manfredi. | |
| 859 | |a AR-BbBCA |b BIB. AGRONOMIA |h 633.368 |i P371a3 |p 1999/3518 | ||
